[Event "IBM-B"]
[Site "Amsterdam"]
[Date "1975.??.??"]
[Round "9"]
[White "Nunn, John DM"]
[Black "Van Baarle, C John"]
[Result "1-0"]
[WhiteElo "2375"]
[BlackElo "2320"]

1.g3 g6 2.Bg2 Bg7 3.c4 Nf6 4.Nc3 O-O 5.e3 e5 6.Nge2 c6 7.O-O a5 8.b3 Na6
9.d4 d6 10.d5 cxd5 11.Nxd5 Nxd5 12.Qxd5 Qb6 13.Nc3 Nb4 14.Qd2 Bf5 15.Bb2 Rfe8
16.Rfd1 Rad8 17.Nd5 Nxd5 18.Qxd5 a4 19.Qxb7 Qxb7 20.Bxb7 axb3 21.axb3 Bc2
22.Rdc1 Rb8 23.Bd5 Bxb3 24.Ra7 Kh8 25.Rxf7 Rf8 26.Ra7 Rfc8 27.Ba3 Rb6 28.c5 dxc5
29.Rxc5 Rd8 30.Bxb3 Rxb3 31.Rcc7 Rbd3 32.Rxg7 Rxa3 33.Rxh7+ Kg8 34.Rag7+ Kf8
35.Rxg6 Rd1+ 36.Kg2 Rd2 37.Rb6 Kg8 38.Re7  1-0

[Event "IBM-B"]
[Site "Amsterdam"]
[Date "1975.??.??"]
[Round "10"]
[White "Weinstein, Norman"]
[Black "Nunn, John DM"]
[Result "1/2-1/2"]
[WhiteElo "2465"]
[BlackElo "2375"]

1.e4 g6 2.d4 Bg7 3.Nf3 d6 4.Be2 Nf6 5.Nc3 O-O 6.O-O Nbd7 7.e5 Ne8 8.Bf4 c6
9.Re1 Nb6 10.h3 Nc7 11.Bd3 Ne6 12.Be3 dxe5 13.dxe5 Nd7 14.Bd2 Qc7 15.Qe2 Ndc5
16.Rad1 Nxd3 17.Qxd3 b6 18.Qe4  1/2-1/2

[Event "IBM-B"]
[Site "Amsterdam"]
[Date "1975.??.??"]
[Round "11"]
[White "Nunn, John DM"]
[Black "Farago, Ivan"]
[Result "1/2-1/2"]
[WhiteElo "2375"]
[BlackElo "2460"]

1.g3 d5 2.Bg2 Nf6 3.Nf3 Nbd7 4.d3 e5 5.O-O Bc5 6.Nc3 c6 7.e4 dxe4 8.Nxe4 Nxe4
9.dxe4 O-O 10.Bh3 Nf6 11.Qxd8 Rxd8 12.Bxc8 Rdxc8 13.Re1 Ng4 14.Re2 Rf8 15.Kg2  1/2-1/2

[Event "Hastings7576"]
[Site "Hastings"]
[Date "1976.01.05"]
[Round "7"]
[White "Nunn, John DM"]
[Black "Miles, Anthony J"]
[Result "0-1"]
[WhiteElo "2375"]
[BlackElo "2435"]

1.e4 c5 2.Nf3 e6 3.d4 cxd4 4.Nxd4 a6 5.Nc3 Qc7 6.g3 Bb4 7.Ne2 Be7 8.Bg2 Nc6
9.O-O Nf6 10.h3 d6 11.a4 O-O 12.g4 Rb8 13.Ng3 b5 14.g5 Nd7 15.axb5 axb5 16.f4 b4
17.Nce2 Qb6+ 18.Kh1 Ba6 19.f5 Nce5 20.f6 gxf6 21.gxf6 Bxf6 22.Nh5 Bh8 23.Bh6 Rfc8
24.Qd2 Ng6 25.Be3 Qb5 26.Nd4 Qxh5 27.Rxa6 Nde5 28.Ra7 Rf8 29.b3 Bg7 30.Ne2 Ng4
31.Nf4 Qh4 32.Nxg6 fxg6 33.Rf4 Rxf4 34.Bxf4 Bc3 35.Qc1 Rf8 36.Bxd6 e5 37.Bxf8 Qg3
38.Rg7+ Kh8 39.Qg1 Nf2+ 40.Qxf2 Qxf2  0-1

[Event "Haifa ol (Men)"]
[Site "Haifa"]
[Date "1976.??.??"]
[Round "?"]
[White "Piasetski, Leon David"]
[Black "Nunn, John DM"]
[Result "0-1"]
[WhiteElo "2390"]
[BlackElo "2435"]

1.c4 Nf6 2.Nf3 e6 3.g3 c5 4.Bg2 d5 5.O-O Nc6 6.cxd5 exd5 7.d4 Be7 8.Nc3 O-O
9.h3 Re8 10.Bf4 cxd4 11.Nb5 Nh5 12.Bc7 Qd7 13.Qa4 a6 14.Bb6 Na7 15.Bxa7 Rxa7
16.Nfxd4 Nxg3 17.fxg3 Bc5 18.Qc2 Qxb5 19.e3 Qc4 20.Qf2 b6 21.Kh2 h5 22.b3 Qd3
23.Bxd5 Qg6 24.Rad1 h4 25.gxh4 Qd6+ 26.Qg3 Qxd5 27.Nf5 Qxf5 28.Rxf5 Bxf5
29.Rd5 Be4 30.Re5 Rxe5 31.Qxe5 Re7 32.Qb8+ Kh7 33.Qd8 Re6 34.Qg5 Bd6+  0-1

[Event "Hastings7778"]
[Site "Hastings"]
[Date "1977.??.??"]
[Round "2"]
[White "Fedorowicz, John P"]
[Black "Nunn, John DM"]
[Result "0-1"]
[WhiteElo "2440"]
[BlackElo "2410"]

1.e4 c5 2.Nf3 d6 3.d4 cxd4 4.Nxd4 Nf6 5.Nc3 a6 6.Bg5 e6 7.f4 Qb6 8.Qd2 Qxb2
9.Rb1 Qa3 10.f5 Nc6 11.fxe6 fxe6 12.Nxc6 bxc6 13.e5 dxe5 14.Bxf6 gxf6 15.Ne4 Be7
16.Be2 h5 17.Rb3 Qa4 18.c4 f5 19.Ng3 h4 20.Nh5 Ra7 21.Qc3 Qxa2 22.Qxe5 Qxb3
23.Qxh8+ Bf8 24.Nf6+ Ke7 25.Ng8+ Kd8 26.Qf6+ Be7 27.Nxe7 Qb4+ 28.Kf2 Qc5+
29.Kf3 Rxe7 30.Qxh4 e5 31.g3 Kc7 32.Rd1 Rd7 33.Rxd7+ Bxd7 34.Qh8 Qd4 35.Qa8 f4
36.Kg2 Qe3 37.Bh5 e4  0-1

[Event "Hastings7778"]
[Site "Hastings"]
[Date "1977.??.??"]
[Round "3"]
[White "Nunn, John DM"]
[Black "Tarjan, James Edward"]
[Result "0-1"]
[WhiteElo "2410"]
[BlackElo "2495"]

1.e4 e5 2.Nf3 Nc6 3.Bb5 a6 4.Ba4 Nf6 5.O-O Nxe4 6.d4 b5 7.Bb3 d5 8.dxe5 Be6
9.Qe2 Be7 10.Rd1 Nc5 11.c4 d4 12.cxb5 Nxb3 13.axb3 axb5 14.Rxa8 Qxa8 15.Nxd4 Nxd4
16.Rxd4 O-O 17.Qxb5 Qa1 18.Qd3 Ra8 19.Qc2 Qa5 20.Qc3 Qxe5 21.Ra4 Rd8 22.Ra8 Qxc3
23.Rxd8+ Bxd8 24.bxc3 Bxb3 25.Nd2 Bd5 26.c4 Be6 27.Bb2 Be7 28.Bd4 Bb4 29.Be3 f6
30.Kf1 Kf7 31.Ke2 Bd6 32.g3 h5 33.h4 Kg6 34.Kd3 Kf5 35.c5 Be7 36.Nf3 Bd5
37.Nd4+ Kg4 38.Bf4 Bd8 39.Ke2 g5 40.hxg5 fxg5 41.Be5 Kh3 42.c6 Kg2 43.f4 h4
44.gxh4 gxh4 45.Nc2 h3 46.Ne3+ Kg1 47.f5 Bxc6 48.f6 h2 49.Bxh2+ Kxh2 50.f7 Be7
51.Ng4+ Kg3 52.Ne5 Be4 53.Nd7 Bf5 54.f8=Q Bxf8 55.Nxf8 Kf4 56.Kd2 Ke5  0-1

[Event "Hastings7778"]
[Site "Hastings"]
[Date "1977.??.??"]
[Round "6"]
[White "Nunn, John DM"]
[Black "Mestel, A Jonathan"]
[Result "0-1"]
[WhiteElo "2410"]
[BlackElo "2420"]

1.e4 c5 2.Nf3 d6 3.d4 cxd4 4.Nxd4 Nf6 5.Nc3 g6 6.Be3 Bg7 7.f3 Nc6 8.Qd2 Bd7
9.O-O-O Rc8 10.Kb1 Ne5 11.Bh6 Bxh6 12.Qxh6 Rxc3 13.bxc3 Qb6+ 14.Ka1 Qc5 15.Qd2 O-O
16.Rb1 b6 17.Bb5 Rc8 18.Bxd7 Nfxd7 19.f4 Nc4 20.Qc1 a6 21.h4 e5 22.fxe5 dxe5
23.Ne2 Qf2 24.Qd1 Nc5 25.h5 Ne3 26.Qd2 Nxe4 27.Qd3 Nxc3 28.hxg6 hxg6 29.Rxb6 e4
30.Qxa6 Nxc2+ 31.Kb2 Qxb6+  0-1

[Event "Hastings7778"]
[Site "Hastings"]
[Date "1977.??.??"]
[Round "7"]
[White "Shamkovich, Leonid"]
[Black "Nunn, John DM"]
[Result "0-1"]
[WhiteElo "2485"]
[BlackElo "2410"]

1.Nf3 d5 2.c4 e6 3.d4 c5 4.cxd5 exd5 5.Nc3 Nf6 6.Bg5 cxd4 7.Nxd4 Be7 8.e3 O-O
9.Be2 Nc6 10.Rc1 h6 11.Bh4 Be6 12.O-O Rc8 13.Nxc6 bxc6 14.Bg3 c5 15.Ba6 Rc6
16.Bb5 Rb6 17.Qe2 c4 18.Rfd1 Qa8 19.Bc7 Rxb5 20.Nxb5 Qc6 21.Nd4 Qxc7 22.b3 Rc8
23.bxc4 dxc4 24.Nxe6 fxe6 25.Rd4 c3 26.Qa6 Kf7 27.g3 Nd5 28.e4 Nb4 29.Qa4 Qc5
30.Rd7 c2 31.Kg2 Rc7 32.Rxc7 Qxc7 33.Qb3 Qe5 34.Qf3+ Kg8 35.a3 Bg5  0-1

[Event "Hastings7778"]
[Site "Hastings"]
[Date "1977.??.??"]
[Round "8"]
[White "Nunn, John DM"]
[Black "Tisdall, Jonathan D"]
[Result "0-1"]
[WhiteElo "2410"]
[BlackElo "2375"]

1.e4 c5 2.Nf3 Nc6 3.d4 cxd4 4.Nxd4 Nf6 5.Nc3 e5 6.Ndb5 d6 7.Bg5 a6 8.Na3 b5
9.Bxf6 gxf6 10.Nd5 f5 11.c3 Bg7 12.Bd3 Be6 13.Qh5 O-O 14.exf5 Bxd5 15.f6 e4
16.fxg7 Re8 17.Be2 Re5 18.Qh6 b4 19.Nc2 bxc3 20.bxc3 Qa5 21.Qd2 Rc8 22.O-O Be6
23.Ne3 Rc5 24.Qxd6 Rxc3 25.Bg4 Rxe3 26.fxe3 Bxg4 27.Rac1 Qc7 28.Qf6 Be6 29.Rc5 Rb8
30.a4 Qb6 31.Rfc1 Qd8 32.Qf4 Ne7 33.Qxe4 Kxg7 34.h4 h6 35.Qf4 Ng6 36.Qg3 Rb4
37.h5 Rg4 38.Qc7 Qd2 39.R5c2 Qxe3+ 40.Rf2 Nh4 41.Qc3+ Qxc3 42.Rxc3 Rxa4 43.Rc5 Rg4
44.Ra5 Bc8 45.Kh2 Bb7 46.Kh3 Rxg2 47.Rf4 Rg5 48.Rxg5+ hxg5 49.h6+ Kxh6 50.Rxf7 Bg2+
51.Kg3 Kg6 52.Rf8 Bd5 53.Rd8 Nf5+ 54.Kg4 a5 55.Rb8 Ne3+ 56.Kg3 a4 57.Kf2 Nc2  0-1

[Event "Hastings7778"]
[Site "Hastings"]
[Date "1977.??.??"]
[Round "10"]
[White "Nunn, John DM"]
[Black "Botterill, George Steven"]
[Result "0-1"]
[WhiteElo "2410"]
[BlackElo "2350"]

1.e4 e6 2.d4 d5 3.Nd2 c5 4.Ngf3 Nc6 5.exd5 exd5 6.Bb5 Bd6 7.dxc5 Bxc5 8.O-O Ne7
9.Nb3 Bd6 10.Bd2 O-O 11.Re1 Qc7 12.Bc3 a6 13.Bd3 f6 14.h3 Bd7 15.Nbd4 Ne5
16.a3 Qb6 17.Qd2 N7c6 18.Rad1 Rae8 19.b4 Nxd3 20.Rxe8 Rxe8 21.Qxd3 Ne5 22.Nxe5 fxe5
23.Nf3 Bc6 24.Ba1 Qc7 25.Nd2 Qf7 26.c4 e4 27.Qe2 Bf4 28.cxd5 Bb5 29.Nc4 Rc8
30.Rd4 Qg6 31.Qa2 h6 32.d6 Kh7 33.d7 Rd8 34.g3 Rxd7 35.Rxd7 Bxd7 36.Kh2 Bb8
37.Be5 Ba7 38.Qe2 Qf5 39.g4 Qxf2+ 40.Qxf2 Bxf2 41.Nd6 Bc6 42.Bf4 e3 43.Bg3 Kg6
44.Nc4 Kf6 45.Nb2 Bxg3+ 46.Kxg3 Ke5  0-1

[Event "Hastings7778"]
[Site "Hastings"]
[Date "1977.??.??"]
[Round "11"]
[White "Kagan, Shimon"]
[Black "Nunn, John DM"]
[Result "0-1"]
[WhiteElo "2440"]
[BlackElo "2410"]

1.e4 c5 2.Nf3 d6 3.d4 cxd4 4.Nxd4 Nf6 5.Nc3 a6 6.Bg5 e6 7.Qf3 h6 8.Bh4 Nbd7
9.O-O-O Qc7 10.Bd3 Be7 11.Qe2 b5 12.f4 b4 13.Nb1 Bb7 14.Nd2 Nc5 15.Kb1 O-O
16.Bg3 a5 17.e5 dxe5 18.f5 Nxd3 19.cxd3 Qd7 20.Qxe5 Rfd8 21.N2f3 Bxf3 22.Nxf3 exf5
23.Rhe1 Nd5 24.Qd4 Qb7 25.Qf2 f4 26.Bh4 g5 27.g3 Nc3+ 28.bxc3 bxc3+ 29.Ka1 Qb2+
30.Qxb2 cxb2+ 31.Kb1 Ba3 32.Nxg5 Rac8 33.Ne4 Rxd3 34.Nf6+ Kh8 35.Re8+ Rxe8
36.Rf1 Rc8  0-1

[Event "Hastings7778"]
[Site "Hastings"]
[Date "1977.??.??"]
[Round "12"]
[White "Nunn, John DM"]
[Black "Webb, Simon"]
[Result "1-0"]
[WhiteElo "2410"]
[BlackElo "2430"]

1.e4 e6 2.d4 d5 3.Nd2 c5 4.Ngf3 Nc6 5.exd5 exd5 6.Bb5 Bd6 7.dxc5 Bxc5 8.O-O Ne7
9.Nb3 Bb6 10.Re1 O-O 11.Bg5 h6 12.Bh4 g5 13.Bg3 Nf5 14.Qd2 Be6 15.c3 Qf6
16.Bxc6 Nxg3 17.Bxd5 Rad8 18.hxg3 Bxd5 19.Qe2 Kg7 20.Nbd4 h5 21.Rad1 Bxf3
22.Qxf3 Qxf3 23.Nxf3 Kf6 24.Nd2 Bc7 25.Nc4 Rfe8 26.Ne3 g4 27.Kf1 Kg5 28.Rd5+ Kg6
29.c4 Be5 30.b3 Rxd5 31.Nxd5 f6 32.f4 gxf3 33.gxf3 Rd8 34.f4 Bb2 35.Re7 b5
36.Rxa7 Kf5 37.Ne3+ Ke4 38.Ke2 Kd4 39.cxb5 Kc5 40.a4 Kb4 41.b6 Kxb3 42.b7 Rb8
43.Nf5 Ba3 44.Nd4+  1-0

[Event "Hastings7778"]
[Site "Hastings"]
[Date "1977.??.??"]
[Round "15"]
[White "Sax, Gyula"]
[Black "Nunn, John DM"]
[Result "0-1"]
[WhiteElo "2565"]
[BlackElo "2410"]

1.e4 c5 2.Nf3 d6 3.d4 cxd4 4.Nxd4 Nf6 5.Nc3 a6 6.Bg5 e6 7.f4 Qb6 8.Nb3 Nbd7
9.Qf3 Qc7 10.a4 b6 11.Bd3 Bb7 12.O-O Be7 13.Qh3 h6 14.Bh4 O-O 15.Nd4 Qc5
16.Bf2 Qh5 17.Qg3 Qg4 18.Qe3 Nc5 19.h3 Qg6 20.Rae1 Rfe8 21.Nf3 d5 22.f5 exf5
23.exf5 Qh5 24.Qe5 Nfe4 25.Bd4 f6 26.Qc7 Bd8 27.Qf4 Rc8 28.Qg4 Qxg4 29.hxg4 Bc7
30.Ra1 Nxd3 31.cxd3 Nc5 32.Rad1 Bg3 33.Bf2 Bxf2+ 34.Kxf2 Bc6 35.a5 bxa5 36.Nd4 Bb5
37.Ndxb5 axb5 38.Nxd5 Nb3 39.Rfe1 Rc2+ 40.Kg3 Kf7 41.Nc3 b4 42.Rxe8 Kxe8
43.Na4 Kd7 44.Nb6+ Kc6 45.Nc4 Kc5 46.Kh4 Rxg2 47.Kh5 Kd4 48.Re1 Kxd3 49.Nb6 Nd4
50.Rd1+ Ke4 51.Nc4 Ne2 52.Nd6+ Ke3 53.Nc4+ Kf2 54.Rd2 Kf3 55.Rd3+ Ke4 56.Rd7 Nf4+
57.Kh4 Kf3 58.Nd2+ Kf2  0-1

[Event "Lord John Cup"]
[Site "London"]
[Date "1977.??.??"]
[Round "2"]
[White "Nunn, John DM"]
[Black "Quinteros, Miguel A"]
[Result "1-0"]
[WhiteElo "2410"]
[BlackElo "2555"]

1.e4 c5 2.Nf3 d6 3.d4 cxd4 4.Nxd4 Nf6 5.Nc3 a6 6.Bg5 Nc6 7.Bxf6 gxf6 8.Be2 Qb6
9.Nb3 e6 10.O-O Bd7 11.Bh5 Ne5 12.Kh1 Nc4 13.Rb1 Rc8 14.Qf3 Bg7 15.Qg3 O-O
16.Be2 Kh8 17.Bxc4 Rxc4 18.Rbd1 Rc6 19.f4 f5 20.exf5 exf5 21.Nd5 Qd8 22.c3 Be6
23.Qd3 b5 24.Rf3 Rc4 25.Ne3 Re4 26.Nc5 d5 27.Rff1 Qa5 28.Nxf5 Bxf5 29.Qxd5 Re2
30.Qxf5 Qc7 31.Nd7 Qc6 32.Qg4 Rfe8 33.Ne5 Qe4 34.Nxf7+ Kg8 35.Nd6  1-0

[Event "Lord John Cup"]
[Site "London"]
[Date "1977.??.??"]
[Round "3"]
[White "Law, Andrew P"]
[Black "Nunn, John DM"]
[Result "1/2-1/2"]
[WhiteElo "2400"]
[BlackElo "2410"]

1.d4 Nf6 2.c4 c5 3.d5 e6 4.Nc3 exd5 5.cxd5 d6 6.Nf3 g6 7.Nd2 Bg7 8.Nc4 O-O
9.Bg5 h6 10.Bh4 Na6 11.e3 Nc7 12.a4 b6 13.Be2 Ba6 14.O-O Qd7 15.h3 Rae8 16.Bg3 Bxc4
17.Bxc4 Ne4 18.Nxe4 Rxe4 19.Qc2 Rfe8 20.Rab1 a6 21.b3 b5 22.axb5 axb5 23.Bd3 R4e7
24.Rbd1 Ra8 25.e4 Ra3 26.f4 Na6 27.Be1 Re8 28.Kh1 Rc8 29.e5 c4 30.bxc4 dxe5
31.fxe5 Bxe5  1/2-1/2

[Event "Lord John Cup"]
[Site "London"]
[Date "1977.??.??"]
[Round "5"]
[White "Lambert, Glenn EJ"]
[Black "Nunn, John DM"]
[Result "0-1"]
[WhiteElo "2420"]
[BlackElo "2410"]

1.d4 Nf6 2.c4 c5 3.d5 e6 4.Nc3 exd5 5.cxd5 d6 6.Nf3 g6 7.e4 Bg7 8.Bg5 h6
9.Bh4 a6 10.Nd2 b5 11.a4 b4 12.Ncb1 O-O 13.Be2 Re8 14.f3 g5 15.Bf2 Nh5 16.Nc4 a5
17.O-O Nf4 18.Re1 Ba6 19.Nbd2 Qf6 20.Bf1 Nd7 21.Rb1 h5 22.g3 Ng6 23.Ne3 Bc8
24.Nf5 Nde5 25.Nxg7 Kxg7 26.Be3 h4 27.g4 h3 28.Bb5 Rh8 29.Kh1 Nf4 30.Rf1 Rb8
31.Be2 b3 32.Bb5 Rxb5 33.axb5 a4 34.Ra1 Bd7 35.Rxa4 Bxb5 36.Ra5 Bxf1 37.Qxf1 Ned3
38.Bxf4 Nxf4 39.Nc4 Qd4 40.Nxd6 Qxb2 41.Nf5+ Kh7 42.Ra7 Rb8 43.Rxf7+ Kh8
44.Ne3 Qg2+  0-1

[Event "Lord John Cup"]
[Site "London"]
[Date "1977.??.??"]
[Round "6"]
[White "Nunn, John DM"]
[Black "Hort, Vlastimil"]
[Result "0-1"]
[WhiteElo "2410"]
[BlackElo "2620"]

1.e4 e5 2.Nf3 Nc6 3.Bb5 a6 4.Ba4 d6 5.Bxc6+ bxc6 6.d4 f6 7.Nc3 Ne7 8.Be3 g6
9.dxe5 fxe5 10.Qd2 Bg4 11.O-O-O Bg7 12.h3 Bxf3 13.gxf3 O-O 14.Qe2 Qe8 15.h4 h5
16.Bg5 Kh7 17.Bxe7 Qxe7 18.Qc4 Qd7 19.Rd3 Rfb8 20.Ne2 Rb5 21.Rb3 Rc5 22.Qd3 Qf7
23.Kb1 a5 24.Rc3 Rxc3 25.Qxc3 c5 26.Ng1 Bf6 27.Qd2 Qc4 28.Ne2 Rf8 29.Nc3 Qd4
30.Qe2 Qb4 31.Nd5 Qb7 32.Nxf6+ Rxf6 33.a3 Qc6 34.Qe3 Rf4 35.Qb3 c4 36.Qc3 Qc5
37.Rh2 a4 38.Ka2 Kh6 39.Rh3 Qc6 40.Rh2 Kg7 41.Rh1 Kf6 42.Rh3 Qd7 43.Rh1 Qf7
44.Kb1 Kg7 45.Rh3 Kh6 46.Ka2 Qe6 47.Rh2 c6 48.Kb1 d5 49.Qb4 Rxf3 50.Qxa4 d4
51.Qa8 Kg7 52.Rg2 Rf7 53.Qd8 Qf6 54.Qe8 d3 55.cxd3 cxd3 56.Rg5 Qd6 57.Qxe5+ Qxe5
58.Rxe5 Rxf2 59.Kc1  0-1

[Event "Lord John Cup"]
[Site "London"]
[Date "1977.??.??"]
[Round "7"]
[White "Blackstock, Lesly SF"]
[Black "Nunn, John DM"]
[Result "1/2-1/2"]
[WhiteElo "2410"]
[BlackElo "2410"]

1.c4 e5 2.Nc3 Nf6 3.Nf3 Nc6 4.e3 Bb4 5.Qc2 O-O 6.Nd5 Re8 7.Qf5 d6 8.Nxf6+ gxf6
9.Qh5 a5 10.a3 Bc5 11.b3 Qd7  1/2-1/2

[Event "Lord John Cup"]
[Site "London"]
[Date "1977.??.??"]
[Round "8"]
[White "Nunn, John DM"]
[Black "Stean, Michael"]
[Result "1/2-1/2"]
[WhiteElo "2410"]
[BlackElo "2485"]

1.e4 e6 2.d4 d5 3.Nd2 c5 4.exd5 exd5 5.Ngf3 Nc6 6.Bb5 Bd6 7.dxc5 Bxc5 8.O-O Ne7
9.Nb3 Bd6 10.Bd2 O-O 11.Bc3 Bf5 12.Re1 Be4 13.Bd3  1/2-1/2

[Event "Lord John Cup"]
[Site "London"]
[Date "1977.??.??"]
[Round "9"]
[White "Kotov, Alexander"]
[Black "Nunn, John DM"]
[Result "1/2-1/2"]
[WhiteElo "2500"]
[BlackElo "2410"]

1.d4 Nf6 2.Nf3 c5 3.e3 d5 4.c4 e6 5.Nc3 Nc6 6.cxd5 exd5 7.Be2 cxd4 8.Nxd4 Bd6
9.O-O O-O 10.Nxc6 bxc6 11.b3 Re8 12.Bb2 Bc7 13.Bf3 Qd6 14.g3  1/2-1/2

[Event "EU-chT"]
[Site "Moscow"]
[Date "1977.??.??"]
[Round "7"]
[White "Nunn, John DM"]
[Black "Hecht, Hans Joachim"]
[Result "1/2-1/2"]
[WhiteElo "2410"]
[BlackElo "2490"]

1.e4 e6 2.d4 d5 3.Nd2 Nf6 4.e5 Nfd7 5.Ngf3 c5 6.c3 Nc6 7.Bd3 cxd4 8.cxd4 Nb6
9.a3 Bd7 10.b3 a5 11.Bb2 Be7 12.h4 a4 13.b4 Na7 14.Qe2 Rc8 15.h5 h6 16.O-O O-O
17.Rac1 Qe8 18.Rc5 Bxc5 19.dxc5 Na8 20.Nd4 Nc7 21.Bb1 Qe7 22.Qd3 f5 23.exf6 gxf6
24.Re1 e5 25.Nf5 Bxf5 26.Qxf5 Rce8 27.Nf3 Nc6 28.Nh4 Ne6 29.Ng6 Qf7 30.Qg4 Ng5
31.Nxf8 Qxf8 32.Bg6 Re7 33.b5 Nd8 34.Qxa4 Nde6 35.c6 bxc6 36.bxc6 Nf4 37.Bc3 Nxg6
38.hxg6 Qe8 39.f4 Ne4 40.Ba5 exf4 41.Qb5 f3 42.Qxd5+ Kg7 43.gxf3 Qxg6+ 44.Kf1 Qg3
45.fxe4 Qf3+ 46.Kg1 Qg3+  1/2-1/2

[Event "Tungsram"]
[Site "Budapest"]
[Date "1978.??.??"]
[Round "?"]
[White "Csom, Istvan"]
[Black "Nunn, John DM"]
[Result "1/2-1/2"]
[WhiteElo "2510"]
[BlackElo "2440"]

1.c4 Nf6 2.Nf3 e6 3.b3 d5 4.Bb2 Be7 5.cxd5 exd5 6.e3 O-O 7.Be2 c5 8.O-O Nc6
9.d4 Bg4 10.dxc5 Bxc5 11.Nc3 Re8 12.Rc1 Be7 13.Nd4 Bxe2 14.Ncxe2 Rc8 15.Nf4 Qd7
16.Qd3 Ne4 17.Nf3 Bf6 18.Bxf6 Nxf6 19.Rfd1 Red8 20.h3 a6 21.Nd4 h6 22.Nxc6 Rxc6
23.Rxc6 Qxc6 24.f3 Qc5 25.Kf2 Rc8 26.Rd2 Qa5 27.Qd4 Rc1 28.Ne2 Rc6 29.Qd3 Qc7
30.Qf5 Ne4+ 31.fxe4 Rf6 32.Qxf6 gxf6 33.exd5 Qd6 34.a4 Kf8 35.Rd3 Ke8 36.Kf3 Kd7
37.Nf4 f5 38.Ne2 Qb4 39.Kf2 Qe4 40.Nf4 Kd6 41.Ke2 Qb4 42.Kd1 Qa3 43.Ke2  1/2-1/2

[Event "Tungsram"]
[Site "Budapest"]
[Date "1978.??.??"]
[Round "?"]
[White "Fernandez, Juan C"]
[Black "Nunn, John DM"]
[Result "1-0"]
[WhiteElo "2370"]
[BlackElo "2440"]

1.e4 c5 2.Nf3 d6 3.d4 cxd4 4.Nxd4 Nf6 5.Nc3 a6 6.Bg5 e6 7.f4 Qb6 8.Qd2 Qxb2
9.Nb3 Nc6 10.Bxf6 gxf6 11.Na4 Qa3 12.Nb6 Rb8 13.Nc4 Qa4 14.Kf2 e5 15.Bd3 exf4
16.Qxf4 Ne5 17.Nb6 Qc6 18.Nd5 Ng4+ 19.Ke2 Bh6 20.Qf1 Bg7 21.Nd4 Qc5 22.Nb3 Qa3
23.Qc1 Qa4 24.Qf4 Ne5 25.Nxf6+ Kf8 26.Rhf1 Be6 27.Nc5 dxc5 28.Qxe5 Bg4+ 29.Ke1 Qa5+
30.c3 Rd8 31.Bc4 Bh5 32.Rb1 b6 33.Rc1 Qa3 34.Qxh5 Qxc1+ 35.Kf2 Qf4+ 36.Kg1 Qc7
37.Nxh7+ Rxh7 38.Rxf7+ Ke8 39.Qxh7  1-0

[Event "Tungsram"]
[Site "Budapest"]
[Date "1978.??.??"]
[Round "?"]
[White "Jansa, Vlastimil"]
[Black "Nunn, John DM"]
[Result "1/2-1/2"]
[WhiteElo "2505"]
[BlackElo "2440"]

1.e4 c5 2.Nf3 d6 3.d4 cxd4 4.Nxd4 Nf6 5.Nc3 a6 6.Be2 Nbd7 7.O-O Nc5 8.f3 e6
9.Be3 Be7 10.a4 O-O 11.a5 Qc7 12.Qd2 d5 13.exd5 exd5 14.Bf4 Qd8 15.Na4  1/2-1/2

[Event "Tungsram"]
[Site "Budapest"]
[Date "1978.??.??"]
[Round "?"]
[White "Kuzmin, Gennadi P"]
[Black "Nunn, John DM"]
[Result "1/2-1/2"]
[WhiteElo "2560"]
[BlackElo "2440"]

1.e4 e5 2.Nf3 Nc6 3.Bb5 a6 4.Ba4 Nf6 5.O-O Be7 6.Re1 b5 7.Bb3 O-O 8.c3 d5
9.d4 exd4 10.e5 Ne4 11.cxd4 Bg4 12.Be3 Na5 13.Bc2 f5 14.Bd3 Nc4 15.Bc1 c5
16.Be2 cxd4 17.Nxd4 Bc5 18.Nc3 Nxf2 19.Kxf2 Qb6 20.Be3 f4 21.Nxd5 fxe3+ 22.Kg1 Bxe2
23.Rxe2 Qh6  1/2-1/2

[Event "Tungsram"]
[Site "Budapest"]
[Date "1978.??.??"]
[Round "?"]
[White "Malich, Burkhard"]
[Black "Nunn, John DM"]
[Result "0-1"]
[WhiteElo "2535"]
[BlackElo "2440"]

1.Nf3 Nf6 2.c4 e6 3.d4 c5 4.d5 exd5 5.cxd5 d6 6.Nc3 g6 7.e4 Bg7 8.Bf4 O-O
9.Be2 a6 10.a4 Bg4 11.h3 Bxf3 12.Bxf3 Qc7 13.O-O Nbd7 14.Qc2 c4 15.Rac1 Nc5
16.Ne2 b5 17.axb5 axb5 18.b4 cxb3 19.Qxb3 Qb6 20.Qc2 Nfd7 21.Be3 b4 22.Rb1 b3
23.Qd1 b2 24.Nd4 Rfb8 25.Qc2 Ra3 26.Rfd1 Ne5 27.Be2 Qb4 28.Rd2 Ra1 29.Rdd1 Rxb1
30.Rxb1 Ng4 31.Nc6 Nxe3 32.fxe3 Qb3 33.Qxb3 Rxb3 34.e5 dxe5 35.d6 e4 36.Kf2 Rb6
37.Nd4 Bxd4 38.exd4 Na4 39.d7 Rd6 40.Ke3 Rxd7 41.Bb5 Nc3 42.Rxb2 Rb7 43.Rb3 Nxb5  0-1

[Event "Tungsram"]
[Site "Budapest"]
[Date "1978.??.??"]
[Round "?"]
[White "Nunn, John DM"]
[Black "Groszpeter, Attila"]
[Result "1-0"]
[WhiteElo "2440"]
[BlackElo "2230"]

1.e4 c6 2.c4 e5 3.Nf3 d6 4.d4 Bg4 5.Be2 Nd7 6.Nc3 Be7 7.O-O Bxf3 8.Bxf3 Bg5
9.Bg4 Bxc1 10.Bxd7+ Qxd7 11.Rxc1 Nf6 12.f4 exd4 13.Qxd4 O-O 14.Rcd1 Rfd8
15.c5 dxc5 16.Qxc5 Qc7 17.Rxd8+ Qxd8 18.Rd1 Nd7 19.Qf2 Qe7 20.e5 Nb6 21.Qd4 h6
22.a4 Re8 23.a5 Nc8 24.Ne4 Qe6 25.Qd7 Qxd7 26.Rxd7 f6 27.Rxb7 fxe5 28.f5 Rd8
29.f6 gxf6 30.Nxf6+ Kf8 31.Nd7+ Ke7 32.Nxe5+ Ke6 33.Nxc6 Rd1+ 34.Kf2 Rd2+
35.Kf3 Nd6 36.Rb4 a6 37.Nb8 Rd3+ 38.Ke2 Rd5 39.Ra4 Rb5 40.Nxa6 Rxb2+ 41.Kf3 Rb3+
42.Kg4 Rb2 43.Kh3 Rc2 44.Nb4 Rc4 45.a6 Nb5 46.a7 Nxa7 47.Rxa7 Rxb4 48.Ra6+ Kf5
49.Rxh6 Kg5 50.Ra6 Rh4+ 51.Kg3 Rg4+ 52.Kf3 Rf4+ 53.Ke3 Rf8 54.Ra5+ Kh4 55.Ra4+ Kg5
56.g3 Rf1 57.Rf4 Rh1 58.h4+ Kh5 59.Kf2 Ra1 60.Kg2 Ra2+ 61.Kh3 Ra3 62.Rf5+ Kg6
63.Rb5 Kh6 64.h5 Ra4 65.g4 Ra1 66.Rb6+ Kg5 67.Rg6+ Kf4 68.h6 Rb1 69.g5 Kf5
70.Rg7 Rb3+ 71.Kh4 Rb1 72.h7  1-0

[Event "Tungsram"]
[Site "Budapest"]
[Date "1978.??.??"]
[Round "?"]
[White "Nunn, John DM"]
[Black "Portisch, Ferenc"]
[Result "1-0"]
[WhiteElo "2440"]
[BlackElo "2450"]

1.e4 c5 2.Nf3 Nc6 3.d4 cxd4 4.Nxd4 Nf6 5.Nc3 e5 6.Ndb5 d6 7.Bg5 a6 8.Na3 b5
9.Bxf6 gxf6 10.Nd5 f5 11.Bxb5 axb5 12.Nxb5 Ra4 13.Nbc7+ Kd7 14.O-O Qg5 15.c4 Rxc4
16.b4 Bh6 17.Nb5 Rd4 18.Qa4 fxe4 19.Nxd4 exd4 20.Nb6+ Kc7 21.Rfc1 Qxc1+ 22.Rxc1 Bxc1
23.Nc4 Kd7 24.Qd1 Ke6 25.Nb6 Ne5 26.Qxc1 Ba6 27.Qh6+ Ng6 28.Qh3+ f5 29.Qb3+ Kf6
30.Nd5+ Kg5 31.Qg3+ Kh6 32.Qh3+ Kg5 33.f4+ exf3 34.gxf3 f4 35.Qg4+ Kh6 36.Nxf4 Rg8
37.Kf2 d3 38.Ne6 Ne7 39.Qh4+ Kg6 40.Qxe7 d2 41.Nf4+  1-0

[Event "Tungsram"]
[Site "Budapest"]
[Date "1978.??.??"]
[Round "?"]
[White "Nunn, John DM"]
[Black "Ree, Hans"]
[Result "1/2-1/2"]
[WhiteElo "2440"]
[BlackElo "2500"]

1.e4 c6 2.c4 d5 3.exd5 cxd5 4.cxd5 Nf6 5.Nc3 Nxd5 6.Nf3 Nc6 7.d4 Bg4 8.Qb3 Bxf3
9.gxf3 e6 10.Qxb7 Nxd4 11.Bb5+ Nxb5 12.Qc6+ Ke7 13.Qxb5 Qd7 14.Nxd5+ Qxd5
15.Qxd5 exd5 16.Be3 Ke6 17.Bd4 Bb4+ 18.Ke2 Rhc8 19.Kd3 g6 20.Rac1 a6 21.h3 Kf5
22.Be3 Bd6 23.Rxc8  1/2-1/2

[Event "Tungsram"]
[Site "Budapest"]
[Date "1978.??.??"]
[Round "?"]
[White "Regan, Kenneth"]
[Black "Nunn, John DM"]
[Result "1/2-1/2"]
[WhiteElo "2430"]
[BlackElo "2440"]

1.e4 e5 2.Nf3 Nc6 3.d4 exd4 4.Bc4 Nf6 5.e5 d5 6.Bb5 Ne4 7.Nxd4 Bc5 8.Be3 Bd7
9.Bxc6 bxc6 10.O-O Qe7 11.f3 Nd6 12.Bf2 Nf5 13.Re1 O-O 14.Nc3 Nxd4 15.Bxd4 Bb6  1/2-1/2

[Event "Tungsram"]
[Site "Budapest"]
[Date "1978.??.??"]
[Round "?"]
[White "Vadasz, Laszlo"]
[Black "Nunn, John DM"]
[Result "0-1"]
[WhiteElo "2505"]
[BlackElo "2440"]

1.Nf3 d5 2.c4 e6 3.g3 c5 4.Bg2 Nc6 5.O-O Nf6 6.cxd5 exd5 7.d4 Be7 8.Nc3 O-O
9.Bg5 cxd4 10.Nxd4 h6 11.Be3 Re8 12.Nxc6 bxc6 13.Qa4 Bd7 14.Qc2 Qc8 15.Rfd1 Bh3
16.Bh1 Ng4 17.Bd2 Qe6 18.Be1 Rad8 19.e4 Qf6 20.exd5 Ne3 21.Qa4 Nxd1 22.Rxd1 cxd5
23.Nxd5 Qe6 24.Ba5 Bc5 25.Qc2 Bb6 26.Nxb6 Qf5 27.Rxd8 Rxd8  0-1

[Event "Buenos Aires ol (Men)"]
[Site "Buenos Aires"]
[Date "1978.??.??"]
[Round "?"]
[White "Nunn, John DM"]
[Black "Spassov, Liuben"]
[Result "1-0"]
[WhiteElo "2440"]
[BlackElo "2450"]

1.e4 c5 2.Nf3 d6 3.d4 cxd4 4.Nxd4 Nf6 5.Nc3 Nc6 6.Bc4 e6 7.Be3 Be7 8.Qe2 O-O
9.O-O-O a6 10.Bb3 Qc7 11.g4 Nd7 12.Nf5 Nc5 13.Nxe7+ Nxe7 14.Qd2 Nxb3+ 15.axb3 e5
16.Rhg1 Rd8 17.f4 exf4 18.Bxf4 Be6 19.Bxd6 Qc6 20.e5 b5 21.Kb1 Qb7 22.Ne2 a5
23.Nd4 Ng6 24.Nxe6 fxe6 25.Qe3 a4 26.b4 Ne7 27.Bxe7 Qxe7 28.Qb6 Rd5 29.Rxd5 exd5
30.Qxb5 Qxe5 31.Rd1 Rd8 32.h3 h5 33.Qa5 Rd6 34.b5 Qe2 35.Re1 Qc4 36.gxh5 d4
37.Qa8+ Kh7 38.Qe4+ Kg8 39.Qf5 Rd8 40.h6 d3 41.cxd3 Qxd3+ 42.Qxd3 Rxd3 43.Rg1 Rb3
44.Rxg7+ Kh8 45.Ra7 Rxb5 46.Rxa4 Rb6 47.Rh4 Kh7  1-0

[Event "Buenos Aires ol (Men)"]
[Site "Buenos Aires"]
[Date "1978.??.??"]
[Round "?"]
[White "Nunn, John DM"]
[Black "Zapata, Alonso"]
[Result "1-0"]
[WhiteElo "2440"]
[BlackElo "2355"]

1.e4 c5 2.Nf3 e6 3.d4 cxd4 4.Nxd4 d6 5.c4 Nc6 6.Nc3 Nf6 7.Be2 Be7 8.O-O O-O
9.Be3 Bd7 10.f4 Nxd4 11.Bxd4 Bc6 12.Bd3 Qd7 13.f5 a6 14.a4 Rfe8 15.b4 exf5
16.Rxf5 Bd8 17.Qf3 Qe6 18.Rf1 Nxe4 19.b5 axb5 20.cxb5 Nxc3 21.bxc6 Ne4 22.cxb7 Rb8
23.Rb5 Nc5 24.Qg3 Bf6 25.Bxf6 Qe3+ 26.Qxe3 Rxe3 27.Bd4 Rxd3 28.Bxc5 dxc5
29.Rxc5 Kf8 30.Rc8+ Rd8 31.Rxd8+ Rxd8 32.a5  1-0